Top 300 Largest Islands - Statistics

General Stats
  • This quiz has been taken 333 times
  • The average score is 66 of 300
Answer Stats
Area Country / Countries Island % Correct
2,131,000 km² Denmark Greenland
96%
588,000 km² Madagascar Madagascar
95%
84,000 km² Ireland, United Kingdom Ireland
94%
106,000 km² Cuba Cuba
92%
102,000 km² Iceland Iceland
92%
112,000 km² New Zealand North Island
90%
146,000 km² New Zealand South Island
90%
66,000 km² Sri Lanka Sri Lanka
89%
209,000 km² United Kingdom Great Britain
88%
139,000 km² Indonesia Java
87%
743,000 km² Indonesia, Malaysia, Brunei Borneo
86%
26,000 km² Italy Sicily
86%
36,000 km² Taiwan Taiwan
86%
74,000 km² Dominican Republic, Haiti Hispaniola
85%
786,000 km² Papua New Guinea, Indonesia New Guinea
84%
9,000 km² Cyprus, United Kingdom Cyprus
82%
11,000 km² Jamaica Jamaica
82%
443,000 km² Indonesia Sumatra
82%
65,000 km² Australia Tasmania
82%
79,000 km² Japan Hokkaido
81%
226,000 km² Japan Honshu
81%
507,000 km² Canada Baffin Island
79%
8,000 km² Greece Crete
77%
24,000 km² Italy Sardinia
77%
9,000 km² France Corsica
76%
5,000 km² Trinidad and Tobago Trinidad
72%
10,000 km² United States Hawaii Big Island
70%
31,000 km² East Timor, Indonesia Timor
70%
110,000 km² Philippines Luzon
69%
5,000 km² Indonesia Bali
65%
109,000 km² Canada Newfoundland
64%
217,000 km² Canada Victoria Island
64%
4,000 km² Spain Majorca (Mallorca)
63%
72,000 km² Russia Sakhalin
63%
31,000 km² Canada Vancouver Island
62%
37,000 km² Japan Kyushu
60%
181,000 km² Indonesia Sulawesi
60%
9,000 km² United States Puerto Rico
58%
196,000 km² Canada Ellesmere Island
57%
98,000 km² Philippines Mindanao
56%
2,000 km² United States Oahu
54%
4,000 km² United States Long Island
53%
6,000 km² Canada Prince Edward Island
53%
33,000 km² China Hainan
52%
2,000 km² Mauritius Mauritius
51%
7,000 km² Denmark Zealand
50%
47,000 km² Argentina, Chile Isla Grande de Tierra del Fuego
49%
1,000 km² Greece Rhodes
49%
19,000 km² Japan Shikoku
45%
2,000 km² Spain Tenerife
45%
17,000 km² France New Caledonia
44%
4,000 km² Philippines Cebu
42%
3,000 km² France Réunion
41%
39,000 km² Norway Spitsbergen
41%
70,000 km² Canada Banks Island
40%
2,000 km² Spain Gran Canaria
40%
2,000 km² Greece Lesbos
40%
35,000 km² Papua New Guinea New Britain
38%
3,000 km² Sweden Gotland
37%
1,000 km² Japan Okinawa Island
36%
14,000 km² Indonesia Flores
35%
2,000 km² United States Maui
34%
12,000 km² Philippines Palawan
34%
2,000 km² Tanzania Zanzibar
33%
55,200 km² Canada Devon Island
32%
1,000 km² France Martinique
32%
47,000 km² Russia Severny Island
32%
4,000 km² Yemen Socotra
31%
11,000 km² Fiji Viti Levu
30%
9,000 km² Papua New Guinea Bougainville Island
28%
5,000 km² Indonesia Lombok
28%
13,000 km² Philippines Negros
28%
7,000 km² Papua New Guinea New Ireland
28%
14,000 km² Russia October Revolution Island
28%
11,000 km² Indonesia Sumba
28%
7,000 km² United Kingdom East Falkland
27%
3,000 km² Denmark Funen
27%
9,000 km² United States Kodiak Island
27%
41,000 km² Canada Southampton Island
26%
11,000 km² Russia Bolshevik Island
25%
18,000 km² Indonesia Halmahera
25%
7,000 km² Philippines Leyte
25%
33,000 km² Canada Prince of Wales Island
25%
7,000 km² United States Prince of Wales Island
25%
14,000 km² Indonesia Sumbawa
25%
5,000 km² United Kingdom West Falkland
25%
43,000 km² Canada Axel Heiberg Island
24%
40,000 km² Brazil Marajó
24%
11,000 km² Philippines Mindoro
24%
4,000 km² United Kingdom South Georgia
24%
4,000 km² Greece Euboea
23%
42,000 km² Canada Melville Island
23%
6,000 km² Australia Melville Island
23%
8,000 km² Canada Anticosti Island
22%
12,000 km² Philippines Panay
22%
16,000 km² Canada Prince Patrick Island
22%
17,000 km² Indonesia Seram Island
22%
33,000 km² Russia Yuzhny Island
22%
49,000 km² Antarctica Alexander Island
21%
13,000 km² Canada King William Island
21%
25,000 km² Canada Somerset Island
21%
8,000 km² Russia Wrangel Island
21%
11,000 km² Indonesia Bangka
20%
10,000 km² Canada Cape Breton Island
20%
8,000 km² Chile Chiloé Island
20%
2,000 km² Spain Fuerteventura
20%
5,000 km² Solomon Islands Guadalcanal
20%
1,000 km² United States Kauai
20%
10,000 km² Canada Prince Charles Island
20%
2,000 km² United Kingdom Skye
20%
16,000 km² Canada Bathurst Island
19%
2,000 km² Australia Bathurst Island
19%
2,000 km² Canada Cornwall Island
19%
2,000 km² United Kingdom Lewis and Harris
19%
8,000 km² Indonesia Buru
18%
11,000 km² Canada Bylot Island
18%
7,000 km² France Kerguelen (Desolation Island)
18%
3,000 km² Estonia Saaremaa
18%
13,000 km² Philippines Samar
18%
44,000 km² Antarctica Berkner Island
17%
7,000 km² Canada Cornwallis Island
17%
15,000 km² Norway Nordaustlandet
17%
1,000 km² Sweden Öland
17%
6,000 km² Fiji Vanua Levu
17%
12,000 km² Indonesia Yos Sudarso
17%
11,000 km² Canada Ellef Ringnes Island
16%
6,000 km² Canada Graham Island
16%
1,000 km² Canada Graham Island
16%
4,000 km² Australia Kangaroo Island
16%
4,000 km² Indonesia Nias
16%
9,000 km² Russia Komsomolets Island
15%
2,000 km² Venezuela Margarita Island
15%
20,000 km² Brazil Bananal
14%
2,000 km² Equatorial Guinea Bioko
14%
4,000 km² Philippines Bohol
14%
24,000 km² Russia Kotelny Island
14%
3,000 km² Philippines Masbate Island
14%
2,000 km² Antarctica Ross Island
14%
4,000 km² Indonesia Belitung
13%
4,000 km² Indonesia Buton
13%
5,000 km² Canada Coats Island
13%
4,000 km² Indonesia Madura Island
13%
3,000 km² Bahamas North Andros Island
13%
9,000 km² Denmark Qeqertarsuaq
13%
5,000 km² United States Saint Lawrence Island
13%
3,000 km² United States Unalaska Island
13%
5,000 km² Canada Amund Ringnes Island
12%
4,000 km² Vanuatu Espiritu Santo
12%
5,000 km² Ecuador Isabela Island
12%
2,000 km² Cuba Isla de la Juventud
12%
1,000 km² Denmark Lolland
12%
1,000 km² Bahamas South Andros Island
12%
5,000 km² Canada Mackenzie King Island
11%
3,000 km² Canada Manitoulin Island
11%
6,000 km² Antarctica Siple Island
11%
9,000 km² Antarctica Carney Island
10%
3,000 km² Canada Moresby Island
10%
2,000 km² New Zealand Stewart Island
10%
6,000 km² Chile Wellington Island
10%
3,000 km² Canada Borden Island
9%
5,000 km² Norway Edgeøya
9%
6,000 km² Russia New Siberia
9%
3,000 km² India North Andaman Island
9%
1,000 km² Brazil São Luís Island
9%
4,000 km² Indonesia Siberut
9%
1,000 km² India South Andaman Island
9%
4,000 km² United States Unimak Island
9%
4,000 km² Indonesia Wetar
9%
1,000 km² Philippines Basilan
8%
5,000 km² United States Chichagof Island
8%
3,000 km² Solomon Islands Choiseul Island
8%
5,000 km² Russia Great Lyakhovsky Island
8%
4,000 km² Solomon Islands Malaita
8%
2,000 km² India Middle Andaman Island
8%
5,000 km² Denmark North Jutlandic Island
8%
4,000 km² Solomon Islands Santa Isabel Island
8%
4,000 km² Canada Stefansson Island
8%
4,000 km² Antarctica Adelaide Island
7%
2,000 km² Canada Air Force Island
7%
3,000 km² Canada Akimiski Island
7%
4,000 km² Antarctica Bear Island
7%
1,000 km² Bangladesh Bhola Island
7%
1,000 km² Indonesia Bintan Island
7%
2,000 km² Australia Fraser Island
7%
3,000 km² Russia / Japan Iturup / Etorofu
7%
3,000 km² Solomon Islands Makira
7%
3,000 km² Canada Mansel Island
7%
3,000 km² Indonesia Muna Island
7%
2,000 km² Solomon Islands New Georgia
7%
8,000 km² Brazil Tupinambarana
7%
4,000 km² Brazil Tupinambarana
7%
3,000 km² Indonesia Waigeo
7%
4,000 km² United States Admiralty Island
6%
2,000 km² Indonesia Alor Island
6%
1,000 km² Bahamas Great Abaco
6%
2,000 km² Bahamas Great Inagua
6%
2,000 km² Norway Hinnøya
6%
2,000 km² South Korea Jejudo
6%
1,000 km² Antarctica King George Island
6%
5,000 km² Russia Kolguyev Island
6%
2,000 km² Russia / Japan Kunashir Island
6%
1,000 km² Canada Lougheed Island
6%
2,000 km² Canada Princess Royal Island
6%
1,000 km² Iran Qeshm
6%
5,000 km² Chile Riesco Island
6%
8,000 km² Antarctica Roosevelt Island
6%
2,000 km² Samoa Savai'i
6%
3,000 km² Indonesia Taliabu
6%
16,000 km² Antarctica Thurston Island
6%
2,000 km² Indonesia Trangan
6%
1,000 km² Canada Wales Island
6%
2,000 km² Antarctica Anvers Island
5%
2,000 km² Indonesia Bacan
5%
2,000 km² Russia Bering Island
5%
2,000 km² Indonesia Biak
5%
2,000 km² Philippines Catanduanes
5%
1,000 km² China Chongming Island
5%
2,000 km² Canada Flaherty Island
5%
2,000 km² Russia Graham Bell Island
5%
1,000 km² Indonesia Lembata
5%
2,000 km² Vanuatu Malakula
5%
2,000 km² Papua New Guinea Manus Island
5%
2,000 km² Indonesia Morotai
5%
1,000 km² Canada Nottingham Island
5%
4,000 km² United States Nunivak Island
5%
2,000 km² Indonesia Peleng
5%
3,000 km² United States Revillagigedo Island
5%
2,000 km² Norway Senja
5%
2,000 km² United States Umnak
5%
3,000 km² Indonesia Yamdena
5%
1,000 km² Canada Byam Martin Island
4%
5,000 km² Brazil Caviana
4%
2,000 km² Canada Eglinton Island
4%
1,000 km² Australia Flinders Island
4%
2,000 km² Denmark Geographical Society Island
4%
2,000 km² Australia Groote Eylandt
4%
4,000 km² Chile Hoste Island
4%
5,000 km² Brazil Ilha Grande de Gurupá
4%
3,000 km² United States Kupreanof Island
4%
2,000 km² Indonesia Laut Island
4%
4,000 km² Denmark Milne Land
4%
2,000 km² Indonesia Misool
4%
2,000 km² Indonesia Natuna Besar
4%
2,000 km² United States Nelson Island
4%
1,000 km² Canada Pitt Island
4%
2,000 km² Canada Richards Island
4%
1,000 km² Indonesia Rote Island
4%
2,000 km² Indonesia Salawati
4%
2,000 km² Indonesia Simeulue
4%
4,000 km² Denmark Traill Island
4%
3,000 km² Russia Vaygach Island
4%
2,000 km² Indonesia Yapen
4%
3,000 km² Russia Zemlya Georga
4%
1,000 km² Norway Barentsøya
3%
1,000 km² Chile Dawson Island
3%
3,000 km² Antarctica James Ross Island
3%
2,000 km² Indonesia Kobroor
3%
2,000 km² United States Kuiu Island
3%
1,000 km² Indonesia Mangole Island
3%
1,000 km² Papua New Guinea New Hanover Island
3%
2,000 km² Russia Paramushir
3%
2,000 km² Russia Pioneer Island
3%
2,000 km² Indonesia Rantau
3%
2,000 km² Canada René Levasseur Island
3%
1,000 km² Indonesia Rupat
3%
4,000 km² Chile Santa Inés Island
3%
2,000 km² Indonesia Tanahbesar
3%
1,000 km² Mexico Tiburón Island
3%
2,000 km² Russia Wilczek Land
3%
2,000 km² Denmark Ymer Island
3%
2,000 km² United States Afognak
2%
2,000 km² Russia Ayon Island
2%
4,000 km² United States Baranof Island
2%
1,000 km² Chile Campana Island
2%
2,000 km² Antarctica Charcot Island
2%
2,000 km² Denmark Clavering Island
2%
1,000 km² Chile Desolación Island
2%
2,000 km² Antarctica Joinville Island
2%
1,000 km² France Lifou Island
2%
2,000 km² Chile Magdalena Island
2%
1,000 km² Antarctica Mill Island
2%
2,000 km² Chile Navarino Island
2%
3,000 km² Indonesia Obira
2%
1,000 km² Myanmar Ramree Island
2%
1,000 km² Denmark Shannon Island
2%
4,000 km² Antarctica Spaatz Island
2%
1,000 km² Russia Urup
2%
2,000 km² Slovakia Žitný Ostrov
2%
1,000 km² Chile Aracena Island
1%
2,000 km² Russia Bely Island
1%
2,000 km² Russia Bolshoy Begichev Island
1%
2,000 km² Russia Bolshoy Shantar Island
1%
2,000 km² Indonesia Great Karimun
1%
2,000 km² Russia Karaginsky Island
1%
1,000 km² Senegal Morfil
1%
1,000 km² Denmark Nares Land
1%
1,000 km² Russia Oleniy Island
1%
1,000 km² Antarctica Sherman Island
1%
2,000 km² Finland Soisalo
1%
1,000 km² Papua New Guinea Fegusson Island
0%
No matching quizzes found
Score Distribution
Percent of People with Each Score
Percentile by Number Answered
Your Score History
You have not taken this quiz